Fortnite - Season 2 Named Locations - Statistics

General Stats
  • This quiz has been taken 24 times
  • The average score is 14 of 18
Answer Stats
Picture Answer % Correct
Loot Lake
100%
Pleasant Park
100%
Tilted Towers
95%
Dusty Depot
90%
Tomato Town
90%
Retail Row
85%
Salty Springs
85%
Anarchy Acres
80%
Flush Factory
80%
Shifty Shafts
80%
Wailing Woods
80%
Haunted Hills
75%
Moisty Mire
75%
Greasy Grove
70%
Junk Junction
70%
Lonely Lodge
65%
Fatal Fields
60%
Snobby Shores
55%
No matching quizzes found
Score Distribution
Percent of People with Each Score
Percentile by Number Answered
Your Score History
You have not taken this quiz